EK SUNHARA SAVERA( MERA CANCER KA SAMNA) (Record no. 16824)

MARC details
000 -LEADER
fixed length control field 00302nam a22001337a 4500
003 - CONTROL NUMBER IDENTIFIER
control field SGT
082 ## - DEWEY DECIMAL CLASSIFICATION NUMBER
Classification number 616.89
Item number A11C
100 ## - MAIN ENTRY--PERSONAL NAME
Personal name CHAUDHARY, MINAKSHI
245 ## - TITLE STATEMENT
Title EK SUNHARA SAVERA( MERA CANCER KA SAMNA)
260 ## - PUBLICATION, DISTRIBUTION, ETC. (IMPRINT)
Place of publication, distribution, etc DELHI
Name of publisher, distributor, etc RUPPA PUB
Year of Publication 2011
300 ## - PAGE DESCRIPTION
No. of Pages 209
650 ## - SUBJECT ADDED ENTRY--TOPICAL TERM
Topical term or geographic name as entry element AYURVEDA
942 ## - ADDED ENTRY ELEMENTS (KOHA)
Source of classification or shelving scheme Dewey Decimal Classification
Koha item type Books
Holdings
Withdrawn status Lost status Source of classification or shelving scheme Damaged status Not for loan Collection code Home library Current library Shelving location Date acquired Cost, normal purchase price SGTU Total Checkouts Full call number Accession No. (Barcode) Date last seen Bill Date Koha item type
    Dewey Decimal Classification     AYURVEDA SGT FA-FP Library SGT FA-FP Library Text Book 08/02/2019 195.00 SGTU   616.89 A11C FA9758 08/02/2019 08/02/2019 Books